Most Used Scripts - Statistics

General Stats
  • This quiz has been taken 107 times
    97 since last reset
  • The average score is 22 of 37
Answer Stats
Number
of Users
(Roughly)
Examples of
Languages
Sample Answer % Correct
4.9B English, German, Spanish, Polish, Vietnamese The cat is a small domesticated carnivorous mammal. Latin
100%
828M Arabic, Farsi, Uygher, Urdu, Pashto قط رمال من سلالة صحراء في الجزائر Arabic
99%
289M Russian, Serbian, Ukrainian, Kyrgyz, Belarusian Кошка угрожающе выгибает спину и шипит Cyrillic
99%
1.54B Mandarin, Wu, Gan, Min Nan, Yue 六周大的小猫 Chinese
97%
70M Thai, Southern Thai แมวมาเลศและแมว วิเชียรมาศจากสมุดข่อยโบราณ Thai
91%
6.5M Hebrew, Yiddish חתולה ישנה בשעות היום. Hebrew
90%
13.5M Greek Οι γάτες μπορεί να αναπτύξουν φιλικές σχέσεις με άλλες γάτες. Greek
88%
78.6M Tamil, Kanikkaran, Badaga, Irula பூனை பாலூட்டி இனத்தைச் சேர்ந்த ஓர் அனைத்துண்ணி ஆகும். Tamil
88%
42M Burmese, Mon, S'gaw Karen, Rakhine, Aiton ရန်ကုန်မြို့မှ ကြောင်တစ်ကောင် Mon–Burmese
87%
234M Bengali, Assamese, Bishnupriya, Garo, Chittagonian চেয়ারের নিচে একটি বিড়াল মাছ খাচ্ছে Bengali-Assamese
84%
5.4M Armenian Դարանակալած կատու Armenian
81%
5M~ Georgian, Svan, Mingrelian, Laz მასზე შექმნილი და დაწერილია მრავალი მითი. Georgian
75%
7M Lao ແມວທີ່ລ້ຽງຕາມເຮືອນ ຈະມີຮູບຮ່າງຂະໜາດນ້ອຍ. Lao
75%
83M Telugu, Gondi, Koya, Konda పిల్లి కళ్ళు మూసుకొని పాలు తాగుతూ తనను ఎవరూ గమనించలేదనుకొనిందట. Telugu
75%
16M Khmer ខ្លាពពក ចូលចិត្តរស់នៅក្នុងព្រៃស្រោង ព្រៃពាក់កណ្តាលស្រោង និងព្រៃចម្រុះ។ Khmer
74%
81.7M Korean, Jeju, Cia-Cia 고양이의 수면시간은 매우 길다. Hangul
72%
16M Sinhala බළලා මිනිසා විසින් ගෘහස්තව ඇති කරන අතර ඇතැම් බළල් විශේෂ වනචාරීව වෙසෙයි. Sinhala
72%
6.24M Dzongkha, Tibetan, Ladakhi, Bhutia, Jirel རི་ཁའི་བྱི་ལི་ཚུ་ སྦོམ་ཆུང་སྒོ་ཁའི་བྱི་ལི་བཟུམ་སྦེ་ཡོད་རུང། Tibetan
71%
123M Japanese, Ainu, Hachijō, Miyako, Yaeyama ファイナルファンタジーシックス Kana
70%
41.85M Amharic, Tigrinya, Tigre, Gurage, Awngi ድመት አንስተኛ ስጋ በሊታ እንስሳ ስትሆን እቤት ውስጥ አይጥና የመሳሰሉትን ተውሳኮች ለመያዝ ታገለግላለች። Ge'ez
68%
480.5M Hindi, Nepali, Sindhi, Bhojpuri, Santali बिल्ली एक मांसाहारी स्तनधारी जानवर है Devanagari
67%
57.1M Gujarati, Kutchi વિશ્વ બિલાડી દિવસ દર વર્ષે ૮ ઓગસ્ટના દિવસે ઉજવવામાં આવે છે. Gujarati
64%
38M Malayalam, Jeseri, Paniya കളിയായി വഴക്കിടുന്ന പൂച്ചകൾ. Malayalam
61%
45M Kannada, Kodava, Byari, Sankethi ಬೆಕ್ಕು ಚೊಕ್ಕಟ ಪ್ರಾಣಿ Kannada
59%
35M Odia, Kui, Kuvi, Manda, Pengo ବିଲେଇମାନେ ପ୍ରାଚୀନ ମିଶ୍ର ଯୁଗରେ ପୂଜନୀୟ ପ୍ରାଣୀ ଥିଲେ Odia
54%
500k~ Dhivehi ގޭތެރޭގައި އުޅޭ ބުޅަލަށް އަރާމު ލިބެނީޚާއްޞަކޮށް ބާސްކެޓް ތަކުންނެވެ Thaana
36%
25M Punjabi (in India), Sant Bhasha ਅੰਗੋਰਾ ਬਿੱਲੀ ਬਹੁਤ ਹੀ ਖੁਸ਼ ਮਿਜਾਜ਼ ਹੁੰਦੀ ਹੈ। Gurmukhi
30%
2.67M~ Nuosu, Sani, Lolopo ꀊꅰꃅꀋꂄꈓ,ꈾꌋꆀꀦꇴꆹꉾ,ꍯ、ꑸꑽꆹꀋꉾ。 Yi
25%
Likely >100k Mandinka, Maninka, Bambara, Dyula ߜ߭ߊߣߊ߬ ߊ߬ ߝߐߢߊ߫ ߘߐߥߛߊ߬ߣߍ߲ ߦߋ߫ ߜ߭ߊߣߊ߬ ߞߊ߲ߓߍ߲ ߠߋ߬ ߘߌ߫߸ ߊ߬ ߦߋ߫ ߞߊ߬ߝߏ ߟߋ߬ ߘߌ߫ ߡߍ߲ ߘߐߝߎߟߋ߲ߣߍ߲߫ ߦߋ߫ ߖߌ߬ߣߍ߬ ߖߌߘߏ߮ ߝߍ߬ ߊ߬ ߣߌ߫ ߟߌ߲ߓߊ߲߫ ߡߊ߲ߞߊ߲ ߝߍ߬߸ ߊߝߙߌߞߌ߬ ߕߟߋ߬ߓߋ ߕߌ߲߬ߞߎߘߎ߲ ߘߐ߫. N'ko
20%
Likely >100k Vai ꕉꕜꕮ ꔔꘋ ꖸ ꔰ ꗋꘋ ꕮꕨ ꔔꘋ ꖸ ꕎ ꕉꖸꕊꕴꖃ ꕃꔤꘂ ꗱ,ꕉꖷ ꗪꗡ ꔻꔤ ꗏꗒꗡ ꕎ ꗪ ꕉꖸꕊ ꖏꕎ. Vai
20%
70k Inuktitut, Cree, Naskapi, Dakelh ᐅᑲᓕᐊᑦᓯᐊᖅ ᒥᑭᔪᒃ ᐱᓱᒃᑎ. Canadian Syllabics
17%
2M Meitei ꯍꯧꯗꯣꯡ ꯅꯇ꯭ꯔꯒ ꯍꯧꯇꯣꯡ ꯍꯥꯏꯕꯁꯤꯌꯨꯝꯗ ꯂꯣꯢꯕ ꯊꯋꯥꯢ ꯄꯥꯟꯕ ꯁꯥꯑꯃꯅꯤ ꯫ Meitei
12%
7.3M Santali ᱯᱩᱥᱤ ᱫᱚᱠᱩ ᱦᱩᱭᱩᱜ ᱠᱟᱱᱟ ᱛᱚᱭᱟ ᱧᱩ ᱡᱤᱵᱽ᱾ Ol Chiki
12%
800k Chakma 𑄝𑄬𑄇𑄴 𑄟𑄚𑄪𑄌𑄴 𑄚𑄨𑄢𑄨𑄞𑄨𑄣𑄨 𑄥𑄧𑄁 𑄃𑄨𑄌𑄴𑄎𑄮𑄖𑄴𑄃𑄳𑄃 𑄃𑄇𑄴𑄇𑄥𑄁 𑄚𑄨𑄚𑄬𑄭 𑄎𑄧𑄚𑄴𑄟𑄚𑄴𑅁 Chakma
9%
>30k Likely far over 100k possibly >1m Fula (Pulaar/Fufulde) 𞤀𞤤𞤳𞤵𞤤𞤫 𞤁𞤢𞤲𞤣𞤢𞤴𞤯𞤫 𞤂𞤫𞤻𞤮𞤤 𞤃𞤵𞤤𞤵𞤺𞤮𞤤 ADLaM
7%
540k~ Tai Nüa ᥐᥝ ᥛᥨᥝᥴ ᥖᥣᥢᥲ ᥑᥣᥛᥰ ᥖᥭᥰ ᥖᥬᥲ ᥑᥨᥒᥰ Tai Le
4%
>120k Khün, (Entirely) Tai Lue (largely supplanted by Thai and Lao scripts) example of khun language text Tai Tham
3%
No matching quizzes found
Score Distribution
Percent of People with Each Score
Percentile by Number Answered
Your Score History
You have not taken this quiz since the last reset